Estadísticas para Invasiones

Haz click aquí para intentar la prueba.

Estadísticas generales

  • Esta prueba ha sido intentada 1.069 veces
  • La puntuación promedio es 13 de 20

Estadísticas de respuestas

FechaInvasorPaís invadido% Correcto
2003Estados UnidosIrak
91%
1950Corea del NorteCorea del Sur
86%
2001Estados UnidosAfganistán
81%
Sep 1939AlemaniaPolonia
81%
1973Egipto, SiriaIsrael
79%
1990IrakKuwait
76%
2017SenegalGambia
74%
1846Estados UnidosMéxico
70%
Jun 1941AlemaniaUnión Soviética
70%
1979Unión SoviéticaAfganistán
66%
1970Estados Unidos,
Vietnam del Sur
Camboya
64%
1812Estados UnidosCanadá
58%
1415InglaterraFrancia
58%
218 ACCártagoRoma
58%
Nov 1939Unión SoviéticaFinlandia
57%
1588España (intentó)Inglaterra
55%
490 ACPersiaAtenas / Esparta
52%
Jun 1812FranciaRusia
43%
1956Unión SoviéticaHungría
42%
1296InglaterraEscocia
39%

Distribución de puntuación

Porcentaje por número respondido

Porcentaje de gente con cada puntuación

Historial de tus puntuaciones

No has intentado esta prueba.